| 000 | 01321nam a2200289 c 4500 | ||
|---|---|---|---|
| 003 | BLK | ||
| 005 | 20180422115311.0 | ||
| 008 | 180411b bul|||||r ||||||| ||bul|| | ||
| 010 | _aKNG00192611000 | ||
| 040 | _aBLK | ||
| 041 |
_aBUL _cBUL |
||
| 080 |
_aСоциално осигуряване. Работническо осигуряване _b368.4 _x.01(075.8) _z368.4.01(075.8) |
||
| 100 | 1 |
_aГеоргиев, Здравко Петров _eпърви автор _9265289 |
|
| 700 | 1 |
_aВрачовски, Данаил Георгиев _eсъавт. _9384066 |
|
| 700 | 1 |
_aПавлов, Нено _eсъавт. _gНенов, Нено Павлов _9366044 |
|
| 139 |
_aГеоргиев, Здравко Петров и др. _bГ 37 |
||
| 245 | 1 | 0 |
_aТеория на социалното дело _bУчебник за студентите от ВФСИ Д. А. Ценов - Свищов _cЗдравко Петров Георгиев; съавт. Данаил Георгиев Врачовски; съавт. Нено Павлов. |
| 257 | _aBGR | ||
| 260 |
_аСвищов _bВФСИ Д. А. Ценов _c1987 |
||
| 300 |
_a306 с. _c20 см |
||
| 380 | _a3 | ||
| 852 | _aЦб 148819 | ||
| 856 | 4 |
_qpdf _u |
|
| 856 | 4 |
_qpdf _u |
|
| 942 |
_cKNG _n0 |
||
| 944 |
_aCR _c12.10.2016 _kПравда_Бадева |
||
| 944 |
_aED _c12.10.2016 _kПравда_Бадева |
||
| 999 |
_c183668 _d183668 |
||